Loading...
| Literature - Long Fiction | 0 | 6 | 0 | 1 | 60 | 105 | 119.83 | 4 | 6 | 0.00 | 0.00 |
| Fine Arts - Other | 0 | 4 | 1 | 1 | 35 | 100 | 123.50 | 1 | 4 | 0.00 | 0.00 |
| Mythology | 0 | 2 | 0 | 1 | 20 | 105 | 126.50 | 1 | 2 | 0.00 | 0.00 |
| Literature - Drama | 0 | 2 | 1 | 1 | 15 | 115 | 135.50 | 2 | 2 | 0.00 | 0.00 |
| Literature - Poetry | 0 | 2 | 1 | 0 | 15 | 115 | 123.00 | 1 | 2 | 0.00 | 0.00 |
| Literature - Short Fiction | 1 | 0 | 0 | 0 | 15 | 67 | 67.00 | 1 | 1 | 0.00 | 0.00 |
| Philosophy | 0 | 1 | 0 | 0 | 10 | 123 | 123.00 | 1 | 1 | 0.00 | 0.00 |
| Science - Biology | 0 | 1 | 0 | 0 | 10 | 131 | 131.00 | 0 | 1 | 0.00 | 0.00 |
| Fine Arts - Painting and Sculpture | 0 | 1 | 0 | 0 | 10 | 150 | 150.00 | 1 | 1 | 0.00 | 0.00 |
| History - Other | 0 | 1 | 0 | 1 | 10 | 142 | 142.00 | 0 | 1 | 0.00 | 0.00 |
| History - World | 0 | 1 | 1 | 0 | 5 | 103 | 103.00 | 1 | 1 | 0.00 | 0.00 |
| Short Fiction and Other | 0 | 0 | 1 | 0 | -5 | 0.00 | 0 | 0 | 0.00 | 0.00 | |
| History - European | 0 | 0 | 1 | 0 | -5 | 0.00 | 0 | 0 | 0.00 | 0.00 | |
| Fine Arts - Classical Music | 0 | 0 | 1 | 0 | -5 | 0.00 | 0 | 0 | 0.00 | 0.00 |